Nové výzvy a prístupy ku kvalite života
Definícia a metódy merania kvality života. Objektívne a subjektívne stránky kvality života. Zvyšovanie kvality života súčasnej a budúcej generácie. Komplexný pohľad a nástroje pre meranie kvality života. Primárne sociálno-politické ciele.
Saved in:
| Main Author: | |
|---|---|
| Format: | Book Chapter |
| Language: | Slovak |
| Subjects: | |
| Tags: |
No Tags, Be the first to tag this record!
|
MARC
| LEADER | 00000nla$a2200000$$$4500 | ||
|---|---|---|---|
| 001 | 0114767 | ||
| 005 | 20221207082016.5 | ||
| 041 | 0 | |a slo | |
| 044 | |a SK | ||
| 245 | 1 | 0 | |a Nové výzvy a prístupy ku kvalite života |c Silvia Turányiová |
| 520 | |a Definícia a metódy merania kvality života. Objektívne a subjektívne stránky kvality života. Zvyšovanie kvality života súčasnej a budúcej generácie. Komplexný pohľad a nástroje pre meranie kvality života. Primárne sociálno-politické ciele. | ||
| 610 | 2 | 0 | |a kvalita života |
| 610 | 2 | 0 | |a štýl životný |
| 610 | 2 | 0 | |a rast hospodársky |
| 610 | 2 | 0 | |a politika hospodárska |
| 610 | 2 | 0 | |a politika sociálna |
| 610 | 2 | 0 | |a situácia sociálna |
| 610 | 2 | 0 | |a úroveň životná |
| 100 | 1 | |a Turányiová, Silvia | |